00413 2200157 4500001002100000008004100021035002000062245004700082100001600129260003200145300002200177020002200199084001400221082000800235990001200243INLIS000000000002852 IND  a0010-0925000199 aSemoga Ayah Bunda Masuk SurgacAster Putih aAster Putih aJakartabRumah Oranyec2015 a184c(13 x 19 cm) a978-602-1588-83-3 a813 AST s a813 a0755074